Meilleurs performeurs français sur 800m - Statistiques

Statistiques générales
  • Ce quiz a été pris 12 fois
  • Le résultat moyen est 6 sur 10
Statistiques - réponses
Athlètes Record personnel % Correct
Gabriel TUAL 1'41"61 (2024)
100%
Pierre-Ambroise BOSSE 1'42"53 (2014)
100%
Benjamin ROBERT 1'43"48 (2023)
92%
Yanis MEZIANE 1'43"94 (2023)
83%
Corentin LE CLEZIO 1'44"25 (2024)
75%
Mehdi BAALA 1'43"15 (2002)
58%
Azeddine HABZ 1'43"79 (2024)
50%
Jose MARAJO 1'43"9 (1979)
8%
Philippe COLLARD 1'43"95 (1987)
8%
Samir DAHMANI 1'44"07 (2016)
8%
Aucun quiz correspondant
Distribution des résultats
% des personnes avec chaque résultat
Percentile par nombre de réponses
Votre historique - résultats
Vous n’avez pas pris ce quiz